Lightweight sandwich construction (Record no. 101665)

MARC details
000 -LEADER
fixed length control field 01221cam a2200253 4500
008 - FIXED-LENGTH DATA ELEMENTS--GENERAL INFORMATION
fixed length control field 010921n2001 000 0 eng u
020 ## - INTERNATIONAL STANDARD BOOK NUMBER
International Standard Book Number 0632040270
035 ## - SYSTEM CONTROL NUMBER
System control number (Sirsi) u114757
041 ## - LANGUAGE CODE
Language code of text/sound track or separate title eng.
050 ## - LIBRARY OF CONGRESS CALL NUMBER
Classification number 693.892
100 ## - MAIN ENTRY--PERSONAL NAME
Personal name Davies, J.
-- Editor
245 ## - TITLE STATEMENT
Title Lightweight sandwich construction
260 ## - PUBLICATION, DISTRIBUTION, ETC.
Name of publisher, distributor, etc. Blackwell Science
Date of publication, distribution, etc. 2001
300 ## - PHYSICAL DESCRIPTION
Extent xiv,370p.
Other physical details ill.
Dimensions 26cm.
350 ## - PRICE (NR) (BK AM CF MU VM SE) [OBSOLETE]
Price 69.50
520 ## - SUMMARY, ETC.
Summary, etc. Light in weight, thermally efficient, and aesthetically attractive, sandwich panels are increasingly being used as the cladding of buildings such as factories, warehouses, cold stores and retail sheds. This book provides information for designers, specifiers and manufacturers on a range of issues relating to sandwich panels, including: materials used in manufacture; thermal efficiency; performance in fire; durability; architectural and aesthetic considerations; and test procedures. Illustrated throughout, the book concludes with some numerical design examples.
650 ## - SUBJECT ADDED ENTRY--TOPICAL TERM
Topical term or geographic name entry element SANDWICH PANELS
650 ## - SUBJECT ADDED ENTRY--TOPICAL TERM
Topical term or geographic name entry element SANDWICH CONSTRUCTION
650 ## - SUBJECT ADDED ENTRY--TOPICAL TERM
Topical term or geographic name entry element METAL SHEETS
650 ## - SUBJECT ADDED ENTRY--TOPICAL TERM
Topical term or geographic name entry element LIGHTWEIGHT CONSTRUCTION
650 ## - SUBJECT ADDED ENTRY--TOPICAL TERM
Topical term or geographic name entry element CLADDING
690 ## - LOCAL SUBJECT ADDED ENTRY--TOPICAL TERM (OCLC, RLIN)
Topical term or geographic name as entry element BUILT ENVIRONMENT-BUILDING MATERIALS
942 ## - ADDED ENTRY ELEMENTS (KOHA)
Suppress in OPAC 0
Holdings
Withdrawn status Lost status Source of classification or shelving scheme Damaged status Not for loan Home library Current library Shelving location Date acquired Cost, normal purchase price Total Checkouts Full call number Barcode Date last seen Date last checked out Copy number Cost, replacement price Price effective from Koha item type
    Dewey Decimal Classification     London London Books 11/03/2002 59.07 6 693.892 DAV 30065604 06/08/2019 16/02/2010 1 59.07 06/08/2019 Book